Countries With the Lowest Percent of Paved Roads - Statistics

General Stats
  • This quiz has been taken 29 times
  • The average score is 6 of 10
Answer Stats
% Country % Correct
1.8 D.R. Congo
81%
0.8 Chad
78%
2.7 Central African Republic
74%
5.0 Republic of the Congo
74%
4.2 Burkina Faso
63%
3.5 Papua New Guinea
52%
5.5 Brazil
41%
3.5 Mongolia
41%
6.2 Liberia
37%
2.4 Solomon Islands
30%
No matching quizzes found
Score Distribution
Percent of People with Each Score
Percentile by Number Answered
Your Score History
You have not taken this quiz